Statistiques concernant Pokémon de type Ténèbres uniquement

Cliquez ici pour prendre le quiz!

Statistiques générales

  • Ce quiz a été pris 21 fois
  • Le résultat moyen est 12 sur 15

Statistiques - réponses

HintRéponse% Correct
n° 491Darkrai
100%
n° 262Grahyena
95%
n° 261Medhyena
95%
Forme d'AlolaMiaouss
95%
Forme d'AlolaPersian
95%
n° 509Chacripan
84%
n° 510Léopardus
84%
n° 359Absol
79%
n° 197Noctali
74%
n° 571Zoroark
74%
n° 570Zorua
74%
n° 828Roublenard
63%
n° 827Goupilou
53%
n° 943Dogrino
47%
n° 942Grondogue
47%

Distribution des résultats

Percentile par nombre de réponses

% des personnes avec chaque résultat

Votre développement - résultats

Vous n’avez pas pris ce quiz